00530nam a2200193Ia 4500003000900000008004100009020001800050040001600068080001500084100002200099245005100121260003000172300001600202490004000218650002800258650002000286650001900306650001100325IN-BaIIA211028s9999 xx 000 0 eng d a0-85274-171-5 cIIA Library a535.8bMAX aMaxwell, Jonathan 0aCatadioptric imaging systemscJonathan Maxwell aLondonbAdam Hilgerc1972 aviii, 102p. aMonographs on applied optics; no. 6 aCatadioptric telescopes aImaging systems aNASA thesaurus aOptics